Etudes de la nature / (Record no. 164332)
[ view plain ]
| 000 -LEADER | |
|---|---|
| campo de control de longitud fija | 01162nam a22002535i 4500 |
| 001 - NÚMERO DE CONTROL | |
| campo de control | 164332 |
| 003 - IDENTIFICADOR DE NÚMERO DE CONTROL | |
| campo de control | ES-MaACL |
| 005 - FECHA Y HORA DE LA ÚLTIMA TRANSACCIÓN | |
| campo de control | 20250814031829.0 |
| 008 - DATOS DE LONGITUD FIJA--INFORMACIÓN GENERAL | |
| campo de control de longitud fija | 990701s1793 fr |||| | fre d |
| 040 ## - FUENTE DE CATALOGACIÓN | |
| Centro catalogador/agencia de origen | CN |
| Lengua de catalogación | spa |
| Centro/agencia transcriptor | CCPB | 3D |
| 100 1# - ENTRADA PRINCIPAL--NOMBRE DE PERSONA | |
| Nombre de persona | Bernardin de Saint-Pierre, Henri, |
| Fechas asociadas al nombre | 1737-1814 |
| 9 (RLIN) | 28279 |
| 245 10 - MENCIÓN DEL TÍTULO | |
| Título | Etudes de la nature / |
| Mención de responsabilidad, etc. | par Jacques Bernardin Henri de Saint-Pierre ... ; tome premier. |
| 250 ## - MENCION DE EDICION | |
| Mención de edición | Troisième édition revue, corrigée et augmentée. |
| 260 ## - PUBLICACIÓN, DISTRIBUCIÓN, ETC. | |
| Lugar de publicación, distribución, etc. | A París : |
| Nombre del editor, distribuidor, etc. | [s.n.], |
| Fecha de publicación, distribución, etc. | 1793. |
| 300 ## - DESCRIPCIÓN FÍSICA | |
| Extensión | LVI, 288, [2] p., [1] h. grab., [1] h. grab. pleg. ; |
| Dimensiones | 12º. |
| 594 #1 - Nota al título y mención de responsabilidad | |
| Nota al título y mención de responsabilidad | Tít. en la antep. : Oeuvres de Jacques Bernardin Henri de Saint-Pierre tome premier. |
| 595 #1 - | |
| -- | Datos de ed. preceden a mención de tomo. |
| 597 #1 - NOTA DE DESCRIPCIÓN FÍSICA | |
| NOTA DE DESCRIPCIÓN FÍSICA | Antep. |
| 597 #1 - NOTA DE DESCRIPCIÓN FÍSICA | |
| NOTA DE DESCRIPCIÓN FÍSICA | Sing.: a-d\p6\s, e\p4\s, A-2A\p6\s, [ ]\p1\s. |
| 650 #7 - PUNTO DE ACCESO ADICIONAL DE MATERIA--TÉRMINO DE MATERIA | |
| Término de materia o nombre geográfico como elemento de entrada | Ciencias naturales |
| Fuente del encabezamiento o término | embne |
| 9 (RLIN) | 10984 |
| 752 ## - ENTRADA AGREGADA--NOMBRE JERÁRQUICO DEL LUGAR | |
| País o entidad superior | Francia - |
| Ciudad | París |
| 852 ## - LOCALIZACIÓN | |
| Ubicación | ES-MaACL |
| Número de control de estantería | R-611-20 |
| Nota libre | -- Enc. hol. |
| Encuadernación | -- Edic.: la h. de grab.: "Marchand, F.", alegórica y la h. de grab.pleg. calc., representación del globo terráqueo |
| -- | Olim: D- 4810-19 |
| Estatus retirado | Estado de pérdida | Estado de daño | No para préstamo | Colección | Biblioteca de origen | Biblioteca actual | Ubicación en estantería | Fecha de adquisición | Total de préstamos | Signatura topográfica completa | Código de barras | Visto por última vez | Precio de reemplazo | Tipo de ítem Koha |
|---|---|---|---|---|---|---|---|---|---|---|---|---|---|---|
| Libros del s. XVIII | Biblioteca del Ateneo de Madrid | Biblioteca del Ateneo de Madrid | Depósito | 17/01/2008 | R-611-20 | 1172246 | 23/02/2023 | 23/02/2023 | Libro impreso antiguo |
